00455nam a2200145 a 45000010005000000030009000050080041000140400028000550820016000831000037000992450046001362600052001823000010002346500065002449315CO-ViMGA141112s2004 ck r 000 u spa d aCO-ViMGAbspacCO-ViMGA04a340.56 M7531 aMonroy Cabrera ; Marco Gerardo, 10aDerecho Proceso Civil : bparte especial. aMedellín : bBiblioteca Juridica Dila, c1995 a4339.14aPROCESO DE SUCESION, EXPROPIACION, LIQUIDACION DE SOCIEDADES